000 004400000a22001690004500
003 MACL
005 20150908121242.0
008 150908b xxu||||| |||| 00| 0 eng d
040 _aMACL
_cMACL
041 _aEnglish
082 _a800/KAP
100 _aKapoor, Kapil
_95223
245 _aCanonical texts Of English Literary Criticism
260 _bAcademic Foundation
_c1995
_aNew Delhi
650 _aLiterature
_99169
942 _cBK
_k800
_2ddc
999 _c2564
_d2564